[Event "Uljanovsk Povolje op"]
[Site "Uljanovsk"]
[Date "2011.08.27"]
[Round "5"]
[White "Shemetov, Stanislav"]
[Black "Pirogov, Vyatchslav"]
[Result "0-1"]
[WhiteElo "2066"]
[BlackElo "2378"]
[PlyCount "90"]
[EventDate "2011.08.25"]
[EventType "swiss"]
[EventRounds "9"]
[EventCountry "RUS"]
[SourceTitle "CBM 144 Extra"]
[Source "ChessBase"]
[SourceDate "2011.10.28"]
[SourceVersion "1"]
[SourceVersionDate "2011.10.28"]
[SourceQuality "1"]

1. e4 e6 2. d4 d5 3. exd5 Qxd5 4. Nf3 Nf6 5. c3 c5 6. Bb5+ Bd7 7. Bxd7+ Nbxd7 8. 0-0 cxd4 9. Qxd4 Bc5 10. Qxd5 Nxd5 11. Nbd2 f6 12. Nb3 Bb6 13. Re1 Kf7 14. Bd2 e5 15. c4 Nc7 16. Rad1 Rhd8 17. Be3 Ne6 18. Kf1 Rac8 19. Bxb6 Nxb6 20. Rxd8 Nxd8 21. c5 Na4 22. Re2 Nxc5 23. Rc2 Nde6 24. Nxc5 Rxc5 25. Rxc5 Nxc5 26. Ne1 Na4 27. b3 Nc3 28. a4 Ne4 29. Ke2 Nc5 30. b4 Nxa4 31. Kd3 Nb6 32. Nc2 Ke6 33. f3 f5 34. Na1 Nd5 35. Nb3 b6 36. Kc4 a6 37. b5 a5 38. g3 Ne3+ 39. Kd3 Nf1 40. h4 Nxg3 41. Nd2 Kd5 42. Nc4 e4+ 43. fxe4+ fxe4+ 44. Kc3 Ne2+ 45. Kb3 Nd4+ 0-1

[Event "Uljanovsk Povolje op"]
[Site "Uljanovsk"]
[Date "2011.08.26"]
[Round "3"]
[White "Shemetov, Stanislav"]
[Black "Dmishutkin, Alexander"]
[Result "0-1"]
[WhiteElo "2066"]
[BlackElo "1978"]
[PlyCount "108"]
[EventDate "2011.08.25"]
[EventType "swiss"]
[EventRounds "9"]
[EventCountry "RUS"]
[SourceTitle "CBM 144 Extra"]
[Source "ChessBase"]
[SourceDate "2011.10.28"]
[SourceVersion "1"]
[SourceVersionDate "2011.10.28"]
[SourceQuality "1"]

1. d4 d5 2. c4 e6 3. Nc3 Nf6 4. Nf3 c6 5. Bg5 dxc4 6. e3 b5 7. a4 Bb4 8. Be2 Nbd7 9. 0-0 Qb6 10. Qc2 Bb7 11. Rad1 a6 12. e4 h6 13. Bh4 Bxc3 14. bxc3 c5 15. d5 exd5 16. exd5 Bxd5 17. a5 Qb7 18. Bxf6 Nxf6 19. Nh4 0-0 20. Qf5 Rad8 21. g4 Be6 22. Qxc5 Nxg4 23. Bf3 Qb8 24. Bxg4 Bxg4 25. f3 Bh3 26. Rfe1 Rxd1 27. Rxd1 Qf4 28. Qd4 Qxd4+ 29. Rxd4 Re8 30. Rd6 g5 31. Ng2 Bxg2 32. Kxg2 Re6 33. Rd8+ Kg7 34. Kf2 Kf6 35. Rd7 Rc6 36. Rb7 Ke6 37. Ke3 f5 38. Kd4 Rd6+ 39. Kc5 Rd5+ 40. Kb4 g4 41. f4 Rd2 42. Rb6+ Kd5 43. Rxh6 Rb2+ 44. Ka3 Rb3+ 45. Ka2 Rxc3 46. Rxa6 b4 47. Ra8 Rc2+ 48. Kb1 b3 49. a6 Kc6 50. Rf8 Kb6 51. Rxf5 Rxh2 52. Rf6+ Ka7 53. Rc6 g3 54. Rg6 c3 0-1

[Event "Uljanovsk Cup op"]
[Site "Uljanovsk"]
[Date "2008.11.22"]
[Round "8"]
[White "Markin, Igor"]
[Black "Shemetov, Stanislav"]
[Result "0-1"]
[WhiteElo "2199"]
[BlackElo "2114"]
[PlyCount "86"]
[EventDate "2008.11.15"]
[EventType "swiss"]
[EventRounds "9"]
[EventCountry "RUS"]
[SourceTitle "EXT 2022"]
[Source "ChessBase"]
[SourceDate "2021.10.06"]
[SourceVersion "1"]
[SourceVersionDate "2021.10.06"]
[SourceQuality "1"]

1. Nf3 d5 2. d4 Nf6 3. c4 dxc4 4. Qa4+ Nc6 5. Qxc4 Qd5 6. Qxd5 Nxd5 7. a3 Bg4 8. Nbd2 0-0-0 9. e4 Nb6 10. d5 Nb8 11. Ne5 Bh5 12. Be2 Bg6 13. h4 f6 14. Nxg6 hxg6 15. Bg4+ N8d7 16. Nf3 Kb8 17. Be6 Nc5 18. Be3 Nxe6 19. dxe6 Nc4 20. Ke2 Nxe3 21. Kxe3 Rd6 22. Rad1 Kc8 23. Nd4 a6 24. b4 c6 25. g4 Kc7 26. f4 Kb6 27. a4 a5 28. Rb1 axb4 29. Rxb4+ Ka6 30. Rc4 g5 31. fxg5 fxg5 32. h5 g6 33. h6 Rxh6 34. Rxh6 Bxh6 35. e5 Rd5 36. Ke4 Kb6 37. Rc1 Bg7 38. Nf3 Ra5 39. Rh1 Rxa4+ 40. Ke3 Ra3+ 41. Ke4 Rxf3 42. Kxf3 Bxe5 43. Ke4 Bf6 0-1

[Event "Uljanovsk-ch sf"]
[Site "Uljanovsk"]
[Date "2007.02.13"]
[Round "4"]
[White "Trushnikov, Viacheslav"]
[Black "Shemetov, Stanislav"]
[Result "1/2-1/2"]
[WhiteElo "2051"]
[BlackElo "2076"]
[PlyCount "105"]
[EventDate "2007.02.10"]
[EventType "swiss"]
[EventRounds "9"]
[EventCountry "RUS"]
[SourceTitle "EXT 2019"]
[Source "ChessBase"]
[SourceDate "2018.10.10"]
[SourceVersion "1"]
[SourceVersionDate "2018.10.10"]
[SourceQuality "1"]

1. d4 Nf6 2. c4 e6 3. Nc3 b6 4. Nf3 Bb7 5. a3 d5 6. cxd5 Nxd5 7. e3 Be7 8. Bb5+ Nd7 9. Nxd5 Bxd5 10. Ne5 c6 11. Bxc6 Bxc6 12. Nxc6 Qc7 13. Nxe7 Kxe7 14. 0-0 Rhc8 15. Bd2 Kf8 16. Bb4+ Kg8 17. Rc1 Qb7 18. Qd2 Nf6 19. f3 h6 20. Rxc8+ Rxc8 21. Rc1 Rxc1+ 22. Qxc1 Qa6 23. Qc2 Qb5 24. Kf2 a5 25. Bd2 Nd5 26. e4 Ne7 27. b3 Qd7 28. Be3 Qd6 29. a4 Qxh2 30. Qc1 Ng6 31. Qg1 Qh4+ 32. Ke2 Qg3 33. Qf2 Qd6 34. Kf1 Qa3 35. Qc2 Qa1+ 36. Kf2 Nh4 37. g3 Ng6 38. Kg2 h5 39. f4 Qe1 40. Bf2 Qb4 41. f5 exf5 42. exf5 Ne7 43. Qe4 Qd6 44. Qa8+ Kh7 45. Qe4 g6 46. g4 hxg4 47. fxg6+ fxg6 48. Qxg4 Nf5 49. Qe4 Qd7 50. d5 Ne7 51. Qe6 Qxd5+ 52. Qxd5 Nxd5 53. Kf3 1/2-1/2

[Event "Uljanovsk-ch sf"]
[Site "Uljanovsk"]
[Date "2007.02.12"]
[Round "3"]
[White "Shemetov, Stanislav"]
[Black "Parshakov, Vladimir"]
[Result "1-0"]
[WhiteElo "2076"]
[BlackElo "2110"]
[PlyCount "115"]
[EventDate "2007.02.10"]
[EventType "swiss"]
[EventRounds "9"]
[EventCountry "RUS"]
[SourceTitle "EXT 2019"]
[Source "ChessBase"]
[SourceDate "2018.10.10"]
[SourceVersion "1"]
[SourceVersionDate "2018.10.10"]
[SourceQuality "1"]

1. e4 e6 2. d4 d5 3. exd5 exd5 4. Bd3 Nf6 5. Bg5 Be7 6. c3 0-0 7. Nd2 b6 8. Ngf3 Ba6 9. Qc2 Bxd3 10. Qxd3 Ne4 11. Bxe7 Qxe7 12. 0-0 Nxd2 13. Qxd2 Nd7 14. Rfe1 Qd6 15. Re2 Rae8 16. Rae1 Rxe2 17. Qxe2 a5 18. Qe7 Qc6 19. Ne5 Nxe5 20. Rxe5 Qb5 21. g3 c6 22. Qd7 g6 23. b3 a4 24. c4 Qb4 25. Qxc6 dxc4 26. Qxc4 Qxc4 27. bxc4 Rc8 28. c5 b5 29. Kf1 b4 30. Re2 Kf8 31. Ke1 a3 32. Re3 Rd8 33. Rd3 Ke7 34. Kd2 Ke6 35. Kc2 Kd5 36. Kb3 Rb8 37. Rd1 f5 38. Rc1 Kxd4 39. c6 Kd5 40. c7 Rc8 41. Kxb4 Kd6 42. Kxa3 Kd7 43. h4 Ra8+ 44. Kb2 Kc8 45. a3 h6 46. Kb3 Ra6 47. a4 Rb6+ 48. Ka3 Ra6 49. Rc5 Rd6 50. Rc2 g5 51. hxg5 hxg5 52. a5 f4 53. gxf4 gxf4 54. Kb4 f3 55. Rc3 Rf6 56. Kb5 Rf5+ 57. Rc5 Rxc5+ 58. Kxc5 1-0

[Event "Uljanovsk-ch sf"]
[Site "Uljanovsk"]
[Date "2007.02.11"]
[Round "2"]
[White "Mirzaev, Aziz"]
[Black "Shemetov, Stanislav"]
[Result "0-1"]
[WhiteElo "2004"]
[BlackElo "2076"]
[PlyCount "140"]
[EventDate "2007.02.10"]
[EventType "swiss"]
[EventRounds "9"]
[EventCountry "RUS"]
[SourceTitle "EXT 2019"]
[Source "ChessBase"]
[SourceDate "2018.10.10"]
[SourceVersion "1"]
[SourceVersionDate "2018.10.10"]
[SourceQuality "1"]

1. d4 Nf6 2. Nf3 e6 3. c4 b6 4. Nc3 Bb7 5. Bg5 h6 6. Bxf6 Qxf6 7. g3 Nc6 8. d5 Ne5 9. Nxe5 Qxe5 10. Bg2 Bb4 11. Rc1 exd5 12. Bxd5 Bxd5 13. Qxd5 Qxd5 14. cxd5 Ke7 15. 0-0 Bxc3 16. Rxc3 Kd6 17. e4 Rhe8 18. f3 c5 19. dxc6 dxc6 20. Rd1+ Kc7 21. b3 Rad8 22. Rcd3 Rxd3 23. Rxd3 Re5 24. Rc3 Ra5 25. Rc2 b5 26. f4 Ra3 27. Kf2 a5 28. Rb2 c5 29. Ke2 Kc6 30. h3 c4 31. g4 c3 32. Rc2 b4 33. Ke3 Kc5 34. Kd3 a4 35. bxa4 Rxa4 36. h4 Ra7 37. g5 hxg5 38. hxg5 Rd7+ 39. Ke3 Kc4 40. f5 Rd3+ 41. Ke2 Rg3 42. g6 fxg6 43. fxg6 Rxg6 44. Ke3 Rg3+ 45. Ke2 b3 46. axb3+ Kxb3 47. Rc1 c2 48. Kd2 Rg2+ 49. Kd3 Kb2 50. Rf1 c1Q 51. Rxc1 Kxc1 52. e5 Kd1 53. Ke4 Re2+ 54. Kf5 g5 55. Kxg5 Rxe5+ 56. Kf4 Re8 57. Kf5 Kd2 58. Kf4 Kd3 59. Kf5 Kd4 60. Kf4 Rf8+ 61. Kg4 Ke4 62. Kg5 Rf4 63. Kg6 Rf5 64. Kg7 Ke5 65. Kg6 Ke6 66. Kg7 Rf6 67. Kg8 Rf7 68. Kh8 Kf6 69. Kg8 Kg6 70. Kh8 Rf8# 0-1